[Event "ENCI Limburg-open A"]
[Site "Maastricht"]
[Date "2009.05.29"]
[Round "1"]
[White "Andok, Claus Michael"]
[Black "Smith, Thijmen"]
[Result "1/2-1/2"]
[WhiteElo "2085"]
[BlackElo "1999"]
[PlyCount "45"]
[EventDate "2009.05.29"]
[EventType "swiss"]
[EventRounds "7"]
[EventCountry "NED"]
[Source "P.Boonen"]
[SourceDate "2010.01.01"]

1. e4 c5 2. Nf3 Nc6 3. d3 d6 4. g3 g6 5. Bg2 Bg7 6. Nbd2 e5 7. a4 Nge7 8. O-O
O-O 9. Nc4 f6 10. Nfd2 Be6 11. Re1 Qc7 12. Ne3 Rad8 13. Nb1 f5 14. Nc3 a6 15.
Ned5 Bxd5 16. Nxd5 Nxd5 17. exd5 Nb8 18. c4 Nd7 19. a5 Nf6 20. Bg5 Qf7 21. Qd2
Rde8 22. Rab1 e4 23. Bf4 1/2-1/2

[Event "ENCI Limburg-open A"]
[Site "Maastricht"]
[Date "2009.05.29"]
[Round "1"]
[White "Arun Prasad, S."]
[Black "Van Mechelen, Jan"]
[Result "1-0"]
[WhiteElo "2552"]
[BlackElo "2282"]
[PlyCount "49"]
[EventDate "2009.05.29"]
[EventType "swiss"]
[EventRounds "7"]
[EventCountry "NED"]
[Source "P.Boonen"]
[SourceDate "2010.01.01"]

1. d4 Nf6 2. c4 g6 3. Nc3 Bg7 4. g3 O-O 5. Bg2 d6 6. Nf3 c6 7. O-O Qa5 8. h3
Be6 9. Nd2 d5 10. Nb3 Qd8 11. cxd5 Nxd5 12. e4 Nxc3 13. bxc3 Bc4 14. Re1 Nd7
15. Ba3 Re8 16. f4 Qb6 17. Kh2 Rad8 18. Nd2 Qa6 19. Nxc4 Qxc4 20. Qb3 Qxb3 21.
axb3 c5 22. e5 cxd4 23. cxd4 b6 24. Bc6 Bf8 25. d5 1-0

[Event "ENCI Limburg-open A"]
[Site "Maastricht"]
[Date "2009.05.29"]
[Round "1"]
[White "Becker, Martin Alexander"]
[Black "Lambrechts, Koen"]
[Result "1-0"]
[WhiteElo "2350"]
[BlackElo "2174"]
[PlyCount "39"]
[EventDate "2009.05.29"]
[EventType "swiss"]
[EventRounds "7"]
[EventCountry "NED"]
[Source "P.Boonen"]
[SourceDate "2010.01.01"]

1. d4 e6 2. Nf3 c5 3. e4 cxd4 4. Nxd4 Nf6 5. Nc3 Bb4 6. e5 Qc7 7. exf6 Bxc3+ 8.
bxc3 Qxc3+ 9. Qd2 Qxa1 10. c3 Qb1 11. Bd3 Qb6 12. fxg7 Rg8 13. Qh6 Qc5 14. O-O
Qe5 15. Bxh7 Qxg7 16. Bxg8 Qxg8 17. Nb5 Na6 18. Bg5 d5 19. Qf6 Kf8 20. Nd6 1-0

[Event "ENCI Limburg-open A"]
[Site "Maastricht"]
[Date "2009.05.29"]
[Round "1"]
[White "Berg, Emanuel"]
[Black "Schlawin, Marlon"]
[Result "1-0"]
[WhiteElo "2610"]
[BlackElo "2316"]
[PlyCount "91"]
[EventDate "2009.05.29"]
[EventType "swiss"]
[EventRounds "7"]
[EventCountry "NED"]
[Source "P.Boonen"]
[SourceDate "2010.01.01"]

1. e4 e6 2. d4 d5 3. Nc3 Nf6 4. Bg5 Bb4 5. e5 h6 6. Bd2 Bxc3 7. bxc3 Ne4 8. Qg4
g6 9. Qf4 c5 10. Bd3 Nxd2 11. Qxd2 Qa5 12. Nf3 b6 13. h4 Ba6 14. dxc5 Bxd3 15.
cxd3 Qxc5 16. O-O Nc6 17. Qf4 Qe7 18. c4 dxc4 19. dxc4 Kf8 20. Qf6 Qxf6 21.
exf6 Ke8 22. Rfd1 Rd8 23. a4 Rd7 24. c5 bxc5 25. Rab1 Rf8 26. Nd2 Kd8 27. Ne4
Rxd1+ 28. Rxd1+ Kc7 29. Nxc5 Rd8 30. Rb1 Rd5 31. Rb7+ Kc8 32. Rxf7 Rxc5 33. Rg7
Rf5 34. Rxg6 h5 35. g4 hxg4 36. h5 Ne5 37. Rg8+ Kc7 38. h6 Rxf6 39. h7 Nf7 40.
Rf8 Rh6 41. Rxf7+ Kb6 42. Kg2 a5 43. Kg3 Kc5 44. Kxg4 Kb4 45. Kg5 Rh2 46. Rf4+
1-0

[Event "ENCI Limburg-open A"]
[Site "Maastricht"]
[Date "2009.05.29"]
[Round "1"]
[White "Bijlsma, Nick"]
[Black "Ranucci, Marcello"]
[Result "1-0"]
[WhiteElo "2078"]
[BlackElo "1950"]
[PlyCount "133"]
[EventDate "2009.05.29"]
[EventType "swiss"]
[EventRounds "7"]
[EventCountry "NED"]
[Source "P.Boonen"]
[SourceDate "2010.01.01"]

1. e4 e5 2. Nf3 Nc6 3. Bb5 a6 4. Ba4 Nf6 5. Qe2 d6 6. c3 b5 7. Bc2 Bg4 8. h3
Bh5 9. d3 Be7 10. Nbd2 O-O 11. Nf1 d5 12. Ng3 dxe4 13. dxe4 Bg6 14. Be3 Bd6 15.
O-O Nh5 16. Nf5 Bxf5 17. exf5 Nf4 18. Bxf4 exf4 19. Be4 Re8 20. Qd3 Ne5 21.
Nxe5 Bxe5 22. Qf3 Rb8 23. Bc6 Re7 24. Rad1 Qc8 25. Qd5 Bd6 26. Rfe1 h6 27. f6
gxf6 28. Rxe7 Bxe7 29. Qh5 Rb6 30. Bd5 Qf8 31. Qg4+ Qg7 32. Qc8+ Qf8 33. Qxc7
Rb8 34. Qxf4 Rd8 35. Rd3 Kh8 36. Qf5 Qg7 37. Be4 Qg6 38. Rxd8+ Bxd8 39. Qxg6
fxg6 40. Bxg6 Kg7 41. Bf5 Kf7 42. Bc8 a5 43. b4 axb4 44. cxb4 Be7 45. a3 Bd6
46. Bd7 Be5 47. Bxb5 Bb2 48. Bc4+ Ke7 49. a4 Bc3 50. b5 Kd6 51. g3 Kc5 52. Bb3
Ba5 53. Kg2 Kd4 54. Kf3 Kc3 55. Bd1 Kd2 56. Be2 Kc3 57. Ke4 Kd2 58. Bh5 Ke1 59.
f4 Kf2 60. g4 Kg3 61. Kf5 Bd8 62. Ke4 Kxh3 63. f5 Kg3 64. Kd5 Kf4 65. Kc6 Ke5
66. b6 Be7 67. a5 1-0

[Event "ENCI Limburg-open A"]
[Site "Maastricht"]
[Date "2009.05.29"]
[Round "1"]
[White "Brandenburg, Daan"]
[Black "Simenon, Jozef"]
[Result "1-0"]
[WhiteElo "2453"]
[BlackElo "2213"]
[PlyCount "59"]
[EventDate "2009.05.29"]
[EventType "swiss"]
[EventRounds "7"]
[EventCountry "NED"]
[Source "P.Boonen"]
[SourceDate "2010.01.01"]

1. e4 c5 2. c3 d5 3. exd5 Qxd5 4. d4 g6 5. Nf3 Bg7 6. Na3 cxd4 7. Nb5 Na6 8.
Nbxd4 Nf6 9. Bxa6 bxa6 10. O-O O-O 11. Re1 Re8 12. Bf4 Nh5 13. Be3 Rb8 14. Nb3
Qb7 15. h3 Be6 16. Nc5 Qxb2 17. Nxe6 fxe6 18. Bxa7 Rbd8 19. Bd4 Bxd4 20. cxd4
Ng7 21. Qd3 Qb5 22. Qa3 Rd6 23. Rab1 Qc4 24. Re5 Qc7 25. Rc5 Qa7 26. Qc3 Nf5
27. g4 Ng7 28. Rc7 Qa8 29. Rbb7 Qd8 30. Kg2 1-0

[Event "ENCI Limburg-open A"]
[Site "Maastricht"]
[Date "2009.05.29"]
[Round "1"]
[White "Braun, Christian1"]
[Black "Akstinat, Sven Holger"]
[Result "1-0"]
[WhiteElo "2333"]
[BlackElo "2162"]
[PlyCount "45"]
[EventDate "2009.05.29"]
[EventType "swiss"]
[EventRounds "7"]
[EventCountry "NED"]
[Source "P.Boonen"]
[SourceDate "2010.01.01"]

1. e4 d5 2. exd5 Qxd5 3. Nc3 Qa5 4. d4 c6 5. Bd2 Bf5 6. Bc4 e6 7. Qe2 Nf6 8.
Nd5 Qd8 9. Nxf6+ Qxf6 10. Nf3 Nd7 11. Bc3 O-O-O 12. d5 e5 13. dxc6 Qxc6 14.
Bxf7 Bd6 15. O-O-O Rhf8 16. Bd5 Qc5 17. Ng5 Nb6 18. Be6+ Rd7 19. Bxd7+ Nxd7 20.
Ne4 Bxe4 21. Qxe4 Rxf2 22. Rhe1 Nf6 23. Qd3 1-0

[Event "ENCI Limburg-open A"]
[Site "Maastricht"]
[Date "2009.05.29"]
[Round "1"]
[White "Breuker, Dennis M"]
[Black "Kalla, Christian"]
[Result "1-0"]
[WhiteElo "2081"]
[BlackElo "1977"]
[PlyCount "57"]
[EventDate "2009.05.29"]
[EventType "swiss"]
[EventRounds "7"]
[EventCountry "NED"]
[Source "P.Boonen"]
[SourceDate "2010.01.01"]

1. e4 c5 2. Nf3 Nc6 3. d4 cxd4 4. Nxd4 Nf6 5. Nc3 e5 6. Ndb5 d6 7. Bg5 a6 8.
Na3 b5 9. Nd5 Be7 10. Bxf6 Bxf6 11. c3 Bg5 12. Nc2 Rb8 13. a4 bxa4 14. Ncb4
Nxb4 15. cxb4 Bd7 16. Bxa6 O-O 17. O-O Bc6 18. Bc4 Bxd5 19. Bxd5 Rxb4 20. Rxa4
Rxb2 21. Ra7 Qb8 22. Qa4 Qb5 23. Qa1 Bd8 24. Rb7 Bb6 25. Rxf7 Bd4 26. Rf3+ Qxd5
27. Rxf8+ Kxf8 28. exd5 Ke7 29. Qc1 1-0

[Event "ENCI Limburg-open A"]
[Site "Maastricht"]
[Date "2009.05.29"]
[Round "1"]
[White "Broekmeulen, Jasper"]
[Black "Ducarmon, Quinten"]
[Result "0-1"]
[WhiteElo "2318"]
[BlackElo "2153"]
[PlyCount "98"]
[EventDate "2009.05.29"]
[EventType "swiss"]
[EventRounds "7"]
[EventCountry "NED"]
[Source "P.Boonen"]
[SourceDate "2010.01.01"]

1. e4 c5 2. Nf3 d6 3. d4 cxd4 4. Nxd4 Nf6 5. Nc3 a6 6. f4 e5 7. Nf5 d5 8. Ne3
Nxe4 9. Nxe4 dxe4 10. Qxd8+ Kxd8 11. fxe5 Be6 12. Bc4 Nd7 13. Bxe6 fxe6 14. Nc4
Rc8 15. Nd6 Bxd6 16. exd6 Rxc2 17. O-O Nf6 18. Bg5 Rf8 19. Rac1 Rxc1 20. Rxc1
Kd7 21. Rc7+ Kxd6 22. Rxb7 Nd5 23. Ra7 e3 24. Rxa6+ Ke5 25. Bh4 e2 26. Bf2 Ne3
27. Ra5+ Ke4 28. Ra4+ Kd5 29. Ra5+ Kc4 30. h3 e1=Q+ 31. Bxe1 Rf1+ 32. Kh2 Rxe1
33. Ra7 Re2 34. Rxg7 Rxb2 35. a4 Ra2 36. Rxh7 Rxg2+ 37. Kh1 Ra2 38. Ra7 e5 39.
a5 e4 40. a6 Nd5 41. Kg1 e3 42. Kf1 Kd3 43. Rd7 Ra1+ 44. Kg2 e2 45. Rxd5+ Ke4
46. Rd8 e1=Q 47. Re8+ Kf5 48. Rxe1 Rxe1 49. a7 Ra1 0-1

[Event "ENCI Limburg-open A"]
[Site "Maastricht"]
[Date "2009.05.29"]
[Round "1"]
[White "Christensen, Klaus"]
[Black "Oosterman, Maarten Jan"]
[Result "0-1"]
[WhiteElo "2094"]
[BlackElo "2005"]
[PlyCount "56"]
[EventDate "2009.05.29"]
[EventType "swiss"]
[EventRounds "7"]
[EventCountry "NED"]
[Source "P.Boonen"]
[SourceDate "2010.01.01"]

1. d4 d5 2. c4 c6 3. Nf3 Nf6 4. Nc3 e6 5. g3 Nbd7 6. Qb3 Bd6 7. Bg2 O-O 8. O-O
Re8 9. Rd1 b6 10. a4 Rb8 11. Nd2 Qe7 12. e3 h6 13. Qa2 Bb4 14. Qb1 Ba6 15. Bf1
Bb7 16. Na2 Bd6 17. b4 c5 18. b5 e5 19. Bb2 exd4 20. exd4 Qe6 21. Re1 Qg4 22.
Qd3 cxd4 23. Bxd4 Bc5 24. Bxf6 Nxf6 25. Nc3 Ne4 26. Ndxe4 dxe4 27. Qe2 e3 28.
f4 Bf3 0-1

[Event "ENCI Limburg-open A"]
[Site "Maastricht"]
[Date "2009.05.29"]
[Round "1"]
[White "Dgebuadze, Alexandre"]
[Black "Driessens, Patrick"]
[Result "1-0"]
[WhiteElo "2539"]
[BlackElo "2281"]
[PlyCount "75"]
[EventDate "2009.05.29"]
[EventType "swiss"]
[EventRounds "7"]
[EventCountry "NED"]
[Source "P.Boonen"]
[SourceDate "2010.01.01"]

1. e4 e6 2. d3 c5 3. Nf3 Nc6 4. g3 g6 5. Bg5 Qb6 6. Qc1 h6 7. Bd2 Bg7 8. c3 d5
9. Na3 Nf6 10. Qc2 e5 11. exd5 Nxd5 12. Bg2 Be6 13. O-O O-O 14. Rfe1 Rae8 15.
Nc4 Qc7 16. a4 f5 17. a5 g5 18. Qa4 f4 19. Qb5 g4 20. Nh4 f3 21. Bf1 Nce7 22.
d4 cxd4 23. cxd4 Nc6 24. dxe5 Nd4 25. Qa4 Bd7 26. Qa2 Bc6 27. Ng6 Qf7 28. Nxf8
Rxf8 29. Nd6 Qh5 30. Bc3 Ne2+ 31. Rxe2 fxe2 32. Bg2 Rf3 33. Qc4 Kh8 34. Qxe2
Nxc3 35. bxc3 Rxc3 36. Bxc6 Rxc6 37. Rd1 Rc5 38. e6 1-0

[Event "ENCI Limburg-open A"]
[Site "Maastricht"]
[Date "2009.05.29"]
[Round "1"]
[White "Ernst, Sipke"]
[Black "Wigger, Jochen"]
[Result "1/2-1/2"]
[WhiteElo "2582"]
[BlackElo "2309"]
[PlyCount "96"]
[EventDate "2009.05.29"]
[EventType "swiss"]
[EventRounds "7"]
[EventCountry "NED"]
[Source "P.Boonen"]
[SourceDate "2010.01.01"]

1. Nf3 d5 2. d4 Nf6 3. c4 c6 4. e3 a6 5. Bd3 Bg4 6. Nbd2 e6 7. Qc2 Nbd7 8. c5
Bxf3 9. Nxf3 g6 10. b4 Bg7 11. Bb2 O-O 12. h3 Ne8 13. a4 Qe7 14. O-O e5 15.
dxe5 Nxe5 16. Bxe5 Bxe5 17. Rab1 Nf6 18. b5 axb5 19. axb5 Rfc8 20. Rfc1 Nd7 21.
Nd4 Bxd4 22. exd4 Qf6 23. Rb4 Nf8 24. Qb2 Ne6 25. Bf1 Kg7 26. Rd1 Ra7 27. Rb3
Ra4 28. Rf3 Qd8 29. g3 Ng5 30. Rfd3 Rca8 31. Qe2 Qf6 32. h4 Ne4 33. Rf3 Qe6 34.
Bg2 Ra2 35. Qe1 Qd7 36. bxc6 bxc6 37. Qe3 Rc2 38. Qf4 Raa2 39. Rf1 h5 40. Qe5+
f6 41. Qf4 Qf7 42. Qb8 Nd2 43. Qd6 Nxf3+ 44. Bxf3 Qe8 45. Qc7+ Kg8 46. Qd6 Kg7
47. Qc7+ Kg8 48. Qd6 Kf7 1/2-1/2

[Event "ENCI Limburg-open A"]
[Site "Maastricht"]
[Date "2009.05.29"]
[Round "1"]
[White "Henrichs, Thomas"]
[Black "Op den Kelder, Joram"]
[Result "0-1"]
[WhiteElo "2500"]
[BlackElo "2265"]
[PlyCount "60"]
[EventDate "2009.05.29"]
[EventType "swiss"]
[EventRounds "7"]
[EventCountry "NED"]
[Source "P.Boonen"]
[SourceDate "2010.01.01"]

1. d4 d5 2. c4 dxc4 3. Nf3 Nf6 4. e3 e6 5. Bxc4 c5 6. O-O a6 7. Bb3 b5 8. a4 b4
9. e4 cxd4 10. Nbd2 Bb7 11. e5 Nfd7 12. Nc4 Nc6 13. Bg5 Qc7 14. Rc1 Nc5 15. Ba2
h6 16. Bh4 g5 17. Bg3 Ne4 18. Nfd2 Nxg3 19. fxg3 Nxe5 20. Nxe5 Qxe5 21. Qh5
Qe3+ 22. Rf2 Rh7 23. Rc7 Rc8 24. Rxb7 Rc1+ 25. Nf1 d3 26. Bb3 Bc5 27. Rbxf7
Rxf7 28. Qxf7+ Kd8 29. Qg8+ Kc7 30. Qf7+ Kb6 0-1

[Event "ENCI Limburg-open A"]
[Site "Maastricht"]
[Date "2009.05.29"]
[Round "1"]
[White "Hetey, Laszlo"]
[Black "In 't Veld, Daan"]
[Result "1/2-1/2"]
[WhiteElo "2347"]
[BlackElo "2168"]
[PlyCount "97"]
[EventDate "2009.05.29"]
[EventType "swiss"]
[EventRounds "7"]
[EventCountry "NED"]
[Source "P.Boonen"]
[SourceDate "2010.01.01"]

1. d4 f5 2. Nf3 Nf6 3. g3 g6 4. Bg2 Bg7 5. O-O O-O 6. c4 d6 7. Nc3 Qe8 8. d5 a5
9. Be3 Na6 10. Qd2 Bd7 11. Bh6 Qf7 12. Bxg7 Qxg7 13. Nd4 Nc5 14. b3 Rac8 15. a3
c6 16. Rfd1 Qf7 17. Qb2 Nce4 18. dxc6 bxc6 19. Rac1 Rb8 20. Qc2 Ng4 21. Rf1 Qg7
22. Nxe4 Qxd4 23. e3 Nxe3 24. fxe3 Qxe3+ 25. Nf2 Qxb3 26. c5 Qxc2 27. Rxc2 d5
28. Re1 e6 29. Nd3 Rb3 30. Ne5 Be8 31. Kf2 Kg7 32. Re3 Rb5 33. Bf1 f4 34. gxf4
Rxf4+ 35. Kg2 Rb1 36. Ba6 g5 37. Bc8 d4 38. Rg3 Re4 39. Nf3 Bg6 40. Nxg5 d3 41.
Rf2 Re2 42. Nxe6+ Kh8 43. Rgf3 Be4 44. Kh3 Bxf3 45. Rxf3 Re3 46. Rxe3 d2 47.
Rd3 Rb3 48. Rxb3 d1=Q 49. Re3 1/2-1/2

[Event "ENCI Limburg-open A"]
[Site "Maastricht"]
[Date "2009.05.29"]
[Round "1"]
[White "Klimov, Sergey"]
[Black "Heltzel, Joost"]
[Result "1/2-1/2"]
[WhiteElo "2521"]
[BlackElo "2267"]
[PlyCount "113"]
[EventDate "2009.05.29"]
[EventType "swiss"]
[EventRounds "7"]
[EventCountry "NED"]
[Source "P.Boonen"]
[SourceDate "2010.01.01"]

1. e4 c5 2. Nf3 g6 3. d4 cxd4 4. Qxd4 Nf6 5. e5 Nc6 6. Qa4 Nd5 7. Qe4 Nc7 8.
Nc3 Bg7 9. Bf4 Ne6 10. Bg3 Qa5 11. O-O-O d6 12. Bb5 Bd7 13. Rhe1 O-O 14. Bc4
Nc5 15. Qh4 dxe5 16. Nxe5 Be6 17. Bxe6 Nxe6 18. Rd5 Qa6 19. Qa4 Qxa4 20. Nxa4
Nxe5 21. Bxe5 Rfd8 22. Nc3 Rac8 23. a4 Bxe5 24. Rexe5 Kf8 25. g3 Rxd5 26. Rxd5
Rc5 27. Kd2 Rxd5+ 28. Nxd5 Ke8 29. b4 Kd7 30. Kd3 Ng7 31. c4 Ne6 32. a5 Kd6 33.
Nc3 Kd7 34. f4 f6 35. Ke4 Nd8 36. Kd5 Nc6 37. Kc5 Nd8 38. b5 Ne6+ 39. Kb4 g5
40. Nd5 Nd4 41. Kc3 Nf3 42. c5 gxf4 43. gxf4 Nxh2 44. b6 axb6 45. cxb6 Kc6 46.
Kc4 e5 47. Nb4+ Kd6 48. fxe5+ fxe5 49. Kb5 Nf3 50. Nc2 e4 51. a6 bxa6+ 52. Kxa6
Ne5 53. b7 Nd7 54. Ne3 Nc5+ 55. Kb6 Nxb7 56. Kxb7 Kc5 57. Nf5 1/2-1/2

[Event "ENCI Limburg-open A"]
[Site "Maastricht"]
[Date "2009.05.29"]
[Round "1"]
[White "Koenig, Christian"]
[Black "Pedersen, Lars Erik"]
[Result "1-0"]
[WhiteElo "2140"]
[BlackElo "2049"]
[PlyCount "77"]
[EventDate "2009.05.29"]
[EventType "swiss"]
[EventRounds "7"]
[EventCountry "NED"]
[Source "P.Boonen"]
[SourceDate "2010.01.01"]

1. e4 c5 2. a3 g6 3. Nc3 Bg7 4. f4 Nc6 5. Nf3 e6 6. b4 b6 7. e5 Nh6 8. Ne4 O-O
9. c3 d5 10. Nd6 Nf5 11. Nxc8 Rxc8 12. Bb5 d4 13. O-O h5 14. g3 a5 15. bxc5
bxc5 16. Qe2 Qb6 17. Kg2 Rfd8 18. h3 Rb8 19. a4 Nh6 20. Ng5 Ne7 21. g4 hxg4 22.
hxg4 Qb7+ 23. Kh3 Nd5 24. Ne4 Qa7 25. Ba3 Bf8 26. Qf2 Be7 27. Kg3 Kg7 28. Rh1
Rh8 29. Rh3 f5 30. exf6+ Nxf6 31. Nxf6 Bxf6 32. Rah1 e5 33. cxd4 exd4 34. Rxh6
Rxh6 35. Rxh6 Kxh6 36. g5+ Bxg5 37. fxg5+ Kh7 38. Qh2+ Kg8 39. Bc4+ 1-0

[Event "ENCI Limburg-open A"]
[Site "Maastricht"]
[Date "2009.05.29"]
[Round "1"]
[White "Lagrain, Jan"]
[Black "Hoornstra, Hans"]
[Result "1-0"]
[WhiteElo "2067"]
[BlackElo "1933"]
[PlyCount "97"]
[EventDate "2009.05.29"]
[EventType "swiss"]
[EventRounds "7"]
[EventCountry "NED"]
[Source "P.Boonen"]
[SourceDate "2010.01.01"]

1. e4 c5 2. Nc3 g6 3. g3 Bg7 4. Bg2 Nc6 5. d3 e6 6. f4 d6 7. Nf3 Nge7 8. O-O
Rb8 9. Be3 O-O 10. Qd2 Qb6 11. Rab1 Nd4 12. Nd1 Qa6 13. a3 Qa4 14. Rf2 b5 15.
Nc3 Qa6 16. Ne2 Nxe2+ 17. Qxe2 b4 18. axb4 Qa2 19. Rd1 Rxb4 20. b3 Ba6 21. e5
Nd5 22. Qe1 Nxe3 23. Qxe3 Bb7 24. Re1 Qb2 25. Rfe2 Bxf3 26. Bxf3 Qc3 27. Qc1 d5
28. Qa1 Qxa1 29. Rxa1 Ra8 30. Ra5 Bf8 31. Re1 Rb7 32. Kf1 Rc7 33. c4 Rd8 34.
Ke2 dxc4 35. bxc4 Rb8 36. Ra2 Rb3 37. Rea1 Rd7 38. Be4 Kg7 39. Kd2 h5 40. Kc2
Rb8 41. Rxa7 Rxa7 42. Rxa7 Rb4 43. Bc6 Rb8 44. h4 Rc8 45. Bd7 Rd8 46. Bxe6 Re8
47. Rxf7+ Kh6 48. Bd7 Ra8 49. e6 1-0

[Event "ENCI Limburg-open A"]
[Site "Maastricht"]
[Date "2009.05.29"]
[Round "1"]
[White "Lenhardt, Manfred"]
[Black "Richter, Goetz"]
[Result "1-0"]
[WhiteElo "2148"]
[BlackElo "2064"]
[PlyCount "65"]
[EventDate "2009.05.29"]
[EventType "swiss"]
[EventRounds "7"]
[EventCountry "NED"]
[Source "P.Boonen"]
[SourceDate "2010.01.01"]

1. d4 Nf6 2. Nc3 d5 3. Bg5 Nbd7 4. e3 g6 5. Nf3 Bg7 6. Bd3 b6 7. e4 dxe4 8.
Nxe4 Bb7 9. Qe2 O-O 10. O-O h6 11. Bd2 Re8 12. Rfe1 Qc8 13. Rad1 c5 14. Nxf6+
Bxf6 15. dxc5 Nxc5 16. Bb5 Bc6 17. Bxc6 Qxc6 18. c3 Bg7 19. Be3 e5 20. Qc4 Qa4
21. Nd2 Rac8 22. Bxc5 Qxc4 23. Nxc4 Rxc5 24. Ne3 Rc7 25. Rd2 f5 26. Red1 Kf7
27. Nd5 Rc6 28. Kf1 g5 29. Ne3 Rf6 30. Rd7+ Kg6 31. Rxa7 f4 32. Nd5 Rff8 33.
Nxb6 1-0

[Event "ENCI Limburg-open A"]
[Site "Maastricht"]
[Date "2009.05.29"]
[Round "1"]
[White "Miesen, Fabian"]
[Black "Beijerinck, Nick"]
[Result "0-1"]
[WhiteElo "2082"]
[BlackElo "1985"]
[PlyCount "120"]
[EventDate "2009.05.29"]
[EventType "swiss"]
[EventRounds "7"]
[EventCountry "NED"]
[Source "P.Boonen"]
[SourceDate "2010.01.01"]

1. c4 Nf6 2. Nc3 g6 3. e4 d6 4. g3 Bg7 5. Bg2 O-O 6. Nge2 c5 7. O-O Nc6 8. d3
Be6 9. h3 Nd4 10. Be3 Nd7 11. f4 Nb8 12. g4 Nbc6 13. Ng3 Bd7 14. Qd2 a6 15. f5
Be5 16. Qf2 Nb4 17. Rad1 Ndc2 18. Nge2 Nxe3 19. Qxe3 Nc2 20. Qd2 Nd4 21. Nxd4
Bxd4+ 22. Kh1 Bc6 23. Rf3 b5 24. Nd5 e6 25. fxe6 fxe6 26. Rxf8+ Qxf8 27. Nc7
Rb8 28. Nxe6 Qf6 29. Nxd4 Qxd4 30. cxb5 axb5 31. Rf1 Bd7 32. a3 Be6 33. Qe2 c4
34. dxc4 bxc4 35. Rf2 Rb3 36. Qd2 Rd3 37. Qf4 Qg7 38. Qg5 h6 39. Qd8+ Kh7 40.
Qe8 Bd7 41. Qf7 Bc6 42. Kh2 Qxf7 43. Rxf7+ Kg8 44. Rc7 Bb5 45. a4 Bxa4 46. Rxc4
Bb3 47. Rb4 Bc2 48. Rb7 Rd2 49. Kg3 Rxg2+ 50. Kf3 Rd2 51. b4 Rd3+ 52. Kf4 Rd4
53. b5 Rxe4+ 54. Kf3 Rb4 55. Rd7 Be4+ 56. Ke3 d5 57. Rb7 Bg2 58. Rb8+ Kg7 59.
b6 Bxh3 60. b7 Bxg4 0-1

[Event "ENCI Limburg-open A"]
[Site "Maastricht"]
[Date "2009.05.29"]
[Round "1"]
[White "Nabuurs, Mart"]
[Black "Seip, Rien"]
[Result "1/2-1/2"]
[WhiteElo "2108"]
[BlackElo "2014"]
[PlyCount "155"]
[EventDate "2009.05.29"]
[EventType "swiss"]
[EventRounds "7"]
[EventCountry "NED"]
[Source "P.Boonen"]
[SourceDate "2010.01.01"]

1. e4 e6 2. Nf3 d5 3. e5 c5 4. b4 c4 5. c3 a5 6. b5 Nd7 7. d4 cxd3 8. Bxd3 Qc7
9. Qe2 Ne7 10. O-O Nb6 11. Nd4 Ng6 12. f4 Bc5 13. Be3 Bd7 14. a4 O-O-O 15. Nb3
Bxe3+ 16. Qxe3 Nc4 17. Qa7 Qb6+ 18. Qxb6 Nxb6 19. Nxa5 Kb8 20. Nb3 Rc8 21. Nd4
Rc5 22. g3 Nc4 23. Re1 Ne7 24. Ra2 g6 25. Nb3 Rc7 26. N3d2 Na5 27. Rc2 Rhc8 28.
Rec1 Nf5 29. Bxf5 exf5 30. Na3 Be6 31. Kf2 Ka7 32. Ke3 Kb6 33. Kd3 Rd8 34. Kd4
Rc5 35. Rb1 Rc7 36. Rb4 Rc5 37. Nb3 Nxb3+ 38. Rxb3 Rc4+ 39. Kd3 Rxa4 40. Nb1
Rc8 41. Nd2 Rc5 42. Nf3 d4 43. Nxd4 Bxb3 44. Nxb3 Rxb5 45. Nd4 Rd5 46. Rb2+ Kc7
47. h3 h5 48. g4 hxg4 49. hxg4 fxg4 50. Rg2 g3 51. Ke4 Rc5 52. Rxg3 Kd7 53. f5
gxf5+ 54. Kxf5 Ke7 55. Re3 Ra3 56. Ne2 b5 57. Kf4 Rb3 58. Re4 Rc4 59. Nd4 Rb1
60. Nf5+ Kf8 61. Rxc4 bxc4 62. Nd6 Ra1 63. Ke4 Ra4 64. Kd5 Ke7 65. Nxc4 Ra1 66.
Ne3 Rc1 67. c4 Re1 68. Nf5+ Kd7 69. Nd4 Rh1 70. c5 Kc7 71. Nb5+ Kb7 72. Nd6+
Kc7 73. Nxf7 Rd1+ 74. Ke6 Kc6 75. Nd6 Kxc5 76. Nf5 Re1 77. Kf6 Rxe5 78. Kxe5
1/2-1/2

[Event "ENCI Limburg-open A"]
[Site "Maastricht"]
[Date "2009.05.29"]
[Round "1"]
[White "Noiroux, Kevin"]
[Black "Lafosse, Jimmy"]
[Result "1-0"]
[WhiteElo "2137"]
[BlackElo "2039"]
[PlyCount "83"]
[EventDate "2009.05.29"]
[EventType "swiss"]
[EventRounds "7"]
[EventCountry "NED"]
[Source "P.Boonen"]
[SourceDate "2010.01.01"]

1. d4 Nf6 2. c4 e5 3. dxe5 Ng4 4. Bf4 g5 5. Bg3 Bg7 6. Nf3 Nc6 7. h4 Ngxe5 8.
Nxe5 Nxe5 9. e3 Ng6 10. hxg5 Bxb2 11. Nd2 Qxg5 12. Rb1 Be5 13. Rh5 Qe7 14. Bxe5
Nxe5 15. f4 Ng6 16. Kf2 d6 17. Bd3 Rg8 18. g3 f6 19. Be4 c6 20. Qh1 Qc7 21.
Rxh7 Ne7 22. Rxe7+ Qxe7 23. Bxc6+ Kf8 24. Bxb7 Rb8 25. Bxc8 Rxc8 26. Rb7 Rc7
27. Rxc7 Qxc7 28. Qd5 Rh8 29. Ne4 Ke7 30. Nxf6 Qb6 31. Ne4 Qb2+ 32. Kf3 Rh2 33.
Qxd6+ Ke8 34. Qe6+ Kd8 35. Qd6+ Ke8 36. Qc6+ Kd8 37. Qa8+ Kd7 38. Qxa7+ Kd8 39.
Qa5+ Kc8 40. Qa6+ Kc7 41. Qd6+ Kc8 42. Qc5+ 1-0

[Event "ENCI Limburg-open A"]
[Site "Maastricht"]
[Date "2009.05.29"]
[Round "1"]
[White "Panchanathan, Magesh"]
[Black "Nabuurs, Joep"]
[Result "1-0"]
[WhiteElo "2462"]
[BlackElo "2227"]
[PlyCount "125"]
[EventDate "2009.05.29"]
[EventType "swiss"]
[EventRounds "7"]
[EventCountry "NED"]
[Source "P.Boonen"]
[SourceDate "2010.01.01"]

1. e4 c5 2. Nf3 d6 3. d4 cxd4 4. Nxd4 Nf6 5. Nc3 a6 6. f4 e5 7. Nf3 Nbd7 8. a4
Be7 9. Bd3 O-O 10. O-O Nc5 11. Kh1 exf4 12. Bxf4 Bg4 13. Be3 Rc8 14. Qd2 Bh5
15. Nd4 Bg6 16. Nf5 Ng4 17. Nd5 Bxf5 18. Rxf5 Nxe3 19. Qxe3 Nd7 20. Raf1 Ne5
21. Qh3 Re8 22. Rh5 h6 23. Qg3 Kh8 24. Rxe5 dxe5 25. Rxf7 Bf8 26. Nf6 Qxf6 27.
Rxf6 gxf6 28. Qg6 Bg7 29. Qf7 Rb8 30. h4 Red8 31. Qe6 Re8 32. Qb6 Rec8 33. Kh2
Rc6 34. Qa7 Rcc8 35. Kh3 Bf8 36. Qf2 Rc6 37. b3 Rbc8 38. Kg4 R8c7 39. Kh5 a5
40. Bc4 b6 41. Bd5 Rd6 42. Qg3 Bg7 43. Qg6 Rd8 44. c4 Re7 45. Qf5 Rf8 46. g4
Rd8 47. Qf2 Rd6 48. c5 bxc5 49. Qxc5 Red7 50. Qxa5 Rxd5 51. exd5 e4 52. Qa8+
Kh7 53. Qc6 Re7 54. d6 Re5+ 55. g5 hxg5 56. d7 gxh4+ 57. Kg4 e3 58. d8=Q e2 59.
Qd3+ f5+ 60. Kh5 e1=Q 61. Qg6+ Kh8 62. Qd8+ Bf8 63. Qxf8# 1-0

[Event "ENCI Limburg-open A"]
[Site "Maastricht"]
[Date "2009.05.29"]
[Round "1"]
[White "Solodovnichenko, Yuri"]
[Black "Klein, Felix"]
[Result "1-0"]
[WhiteElo "2564"]
[BlackElo "2288"]
[PlyCount "73"]
[EventDate "2009.05.29"]
[EventType "swiss"]
[EventRounds "7"]
[EventCountry "NED"]
[Source "P.Boonen"]
[SourceDate "2010.01.01"]

1. e4 c5 2. Nc3 e6 3. Nge2 a6 4. g3 b5 5. Bg2 Bb7 6. O-O Qc7 7. d4 cxd4 8. Nxd4
Nf6 9. Re1 d6 10. a4 b4 11. Nd5 Nxd5 12. exd5 e5 13. a5 Be7 14. Nf5 Bf6 15. Bd2
Nd7 16. Bxb4 Nc5 17. Ra3 g6 18. Bxc5 gxf5 19. Bb6 Qd7 20. Qh5 Rg8 21. c4 Rc8
22. b3 Rg5 23. Qd1 Kf8 24. Ra2 h5 25. f4 exf4 26. gxf4 Rg4 27. Qf3 h4 28. Rae2
Kg7 29. Kh1 Rh8 30. Bh3 Rg6 31. Qd3 Bc8 32. Bd4 Qd8 33. b4 Bd7 34. Re7 Qc8 35.
Bxf6+ Rxf6 36. Qd4 Re8 37. Rg1+ 1-0